000 00856nam a22002777a 4500
001 4050
003 FISKH
005 20240604084234.0
008 240604b cb ||||| |||| 00| 0 eng d
020 _a9781574713732
040 _aFISKH
_beng
_cFISKH
_dFISKH
082 _a510
100 _aHill, Sandi
_eauthor
245 _aBarnyard Math with Farmer Fred /
_cWritten by Sandi Hill : Illustrated by Joy Allen
260 _aCypress :
_bCreative Teaching Press , Inc ;
_c1998
300 _a16 pages :
_bcolor illustrations ;
_c17 cm .
490 _aFarmer Fred
505 _aD
520 _aFarmer Fred planted the vegetables for selling at the market .
521 8 _a160
_bLexile estimate
521 8 _aD
_bRaz-Plus
650 _aMath
_vFiction
700 _aAllen, Joy
_eillustrator
942 _2ddc
_cBK
_n0
999 _c4050
_d4050